Central Library OPAC University of Rajshahi

এমন বর্বরতা কখনো দেখেনি কেউ / (Record no. 76370)

MARC details
000 -LEADER
fixed length control field 00885nam a22002297a 4500
001 - CONTROL NUMBER
control field 76370
003 - CONTROL NUMBER IDENTIFIER
rucl marc code BD-RjUL
005 - DATE AND TIME OF LATEST TRANSACTION
control field 20211209082830.0
008 - FIXED-LENGTH DATA ELEMENTS--GENERAL INFORMATION
fixed length control field 191127s2018 bg ||||| |||| 00| 0 ben d
020 ## - INTERNATIONAL STANDARD BOOK NUMBER
International Standard Book Number 9847012402931
035 ## - SYSTEM CONTROL NUMBER
System control number (BD-RjUL)76591
040 ## - CATALOGING SOURCE
Original cataloging agency BD-RjUL
Language of cataloging eng
Transcribing agency BD-RjUL
041 ## - LANGUAGE CODE
Language code of text/sound track or separate title ben
082 ## - DEWEY DECIMAL CLASSIFICATION NUMBER
Edition number 23
Classification number 954.9205
Author mark and year MOA 2018
100 ## - MAIN ENTRY--PERSONAL NAME
Personal name মোহাম্মদ, তাজুল
9 (RLIN) 235678
245 10 - TITLE STATEMENT
Title এমন বর্বরতা কখনো দেখেনি কেউ /
Statement of responsibility, etc. তাজুল মোহাম্মদ
260 ## - PUBLICATION, DISTRIBUTION, ETC. (IMPRINT)
Place of publication, distribution, etc. ঢাকা :
Name of publisher, distributor, etc. সাহিত্য প্রকাশ,
Date of publication, distribution, etc. ২০১৮
300 ## - PHYSICAL DESCRIPTION
Pagination ২৩৬ প.;
Size ২৩ সেমি.
651 ## - SUBJECT ADDED ENTRY--GEOGRAPHIC NAME
Geographic name বাংলাদেশ
General subdivision ইতিহাস
-- মুক্তিযুদ্ধ
Chronological subdivision ১৯৭১
9 (RLIN) 235679
Geographic name Bangladesh
General subdivision History
-- Revolution
Chronological subdivision 1971
9 (RLIN) 235680
942 ## - ADDED ENTRY ELEMENTS (KOHA)
Source of classification or shelving scheme Dewey Decimal Classification
Koha item type Books
Holdings
Lost status Source of classification or shelving scheme Damaged status Not for loan Collection code Permanent Location Current Location Shelving location Date acquired Source of acquisition Cost, normal purchase price Total Checkouts Full call number Date last seen Copy number Koha item type
  Dewey Decimal Classification   Not For Loan Non-fiction Central Library, University of Rajshahi Central Library, University of Rajshahi Reading Room 29/10/2019 Biddasagar, Rajshahi 450.00   B 954.9205 MOA 2018 27/11/2019 C-1 Books